000 00204 a2200097 4500
001 5878
100 _aDouglass,RD
245 _aElements of Nomography
260 _a
_bMcGraw Hill
_c
090 _c4798
_d4798
942 _aNUST-CAE
_cM
_c31153
999 _c240951
_d240951